Missing Lyrics - One Direction - History - Statistics

General Stats
  • This quiz has been taken 1,126 times
  • The average score is 21 of 28
Answer Stats
Fill the missing lyrics % Correct
I thought we were {holding on}
93%
I thought we were {holding on}
93%
I thought we were {holding on}
93%
Thought we were {going strong}
93%
Thought we were {going strong}
93%
Thought we were {going strong}
93%
You and me got a {whole} lot of history
93%
You and me got a {whole} lot of history
93%
{Aren't we}?
92%
{Aren't we}?
92%
{Aren't we}?
92%
You gotta help me, I'm {losing my mind}
92%
Keep getting the feeling you wanna {leave this all behind}
83%
No, they {don't teach} you this in school
81%
Now my {heart's breaking} and I don't know what to do
78%
All of the {rumors}, all of the fights
77%
We could be the {greatest team} that the world has ever seen
75%
Mini bars, {expensive cars}, hotel rooms and new tattoos
72%
But we always find a way to {make it out alive}
70%
So don't let it go, {we can make some more}, we can live forever
67%
And the good champagne and {private planes}
62%
This is {not the end}, this is {not the end}
60%
But they {don't mean} anything
56%
I realize that without you here {life is just a lie}
49%
'Cause the {truth is out}
45%
{We can make it}, you know it, you know
44%
Baby {don't you know}, baby {don't you know}. We can live forever
24%
So {don't let me go}, So {don't let me go}. We can live forever
21%
No matching quizzes found
Score Distribution
Percent of People with Each Score
Percentile by Number Answered
Your Score History
You have not taken this quiz